Nghiên cứu phương pháp chiết tách phẩm màu annatto từ hạt điều nhuộm bằng dung môi vô cơ

Xác định độ ẩm, hàm lượng tro, hàm lượng kim loại trong hạt điều. Chiết tách phẩm màu annatto bởi các dung môi vô cơ: NaOH, nước. Dùng phương pháp quang phổ hấp thụ phân tử UV-Vis để khảo sát bước sóng hấp thụ, dựa vào độ hấp thụ để nghiên cứu khảo sát tối ưu các điều kiện chiết. Nhận định, chọn lựa...

Descrición completa

Gardado en:
Detalles Bibliográficos
Autor Principal: Phan Thị Kiều Nguyên
Outros autores: Đào Hùng Cường GS.TS (Hướng dẫn)
Formato: Libro
Publicado: Đà Nẵng Đại học Sư phạm, Đại học Đà Nẵng 2012
Những chủ đề:
Các nhãn: Engadir etiqueta
Sen Etiquetas, Sexa o primeiro en etiquetar este rexistro!
Thư viện lưu trữ: Mạng thư viện Đại học Đà Nẵng
LEADER 02140nam a2200337 4500
001 000017624
003 14043
005 20130510090556.0
008 130503s2012 sd
082 |a 664.062  |b PH-N 
100 1 |a Phan Thị Kiều Nguyên 
245 |a Nghiên cứu phương pháp chiết tách phẩm màu annatto từ hạt điều nhuộm bằng dung môi vô cơ  |c Phan Thị Kiều Nguyên ; Đào Hùng Cường hướng dẫn  |k Khóa luận tốt nghiệp 
260 |a Đà Nẵng  |b Đại học Sư phạm, Đại học Đà Nẵng  |c 2012 
300 |a 66 tr.  |b Hình mh.  |c 29 cm.  |e Đĩa CD, bản tóm tắt 
500 |a Khóa luận tốt nghiệp đại học. Chuyên ngành: Sư phạm Hóa 
504 |a Mục lục đầu trang, tài liệu tham khảo tr. 73 - 74, phụ lục [13 tr.] 
520 |a Xác định độ ẩm, hàm lượng tro, hàm lượng kim loại trong hạt điều. Chiết tách phẩm màu annatto bởi các dung môi vô cơ: NaOH, nước. Dùng phương pháp quang phổ hấp thụ phân tử UV-Vis để khảo sát bước sóng hấp thụ, dựa vào độ hấp thụ để nghiên cứu khảo sát tối ưu các điều kiện chiết. Nhận định, chọn lựa giá trị tối ưu về phương pháp. Định tính, định lượng dịch chiết của quy trình đã chọn. 
600 1 4 |b Vua  |c Đinh Tiên Hoàng 
650 0 4 |a Hạt điều nhuộm  |v Khóa luận tốt nghiệp  |x Phẩm màu Annatto  |x Nghiên cứu, chiết tách 
653 |a Phẩm màu Annatto  |a Hạt điều nhuộm  |a Khoa Hóa học  |a Chiết tách 
700 |a Đào Hùng Cường  |c GS.TS  |e Hướng dẫn 
OWN |a LSP 
AVA |a UDN50  |b LSP  |d 664.062 PH-N  |e available  |t Error 5001 Not defined in file expand_doc_bib_avail.  |f 1  |g 0  |h N  |i 0  |k 1 
999 |a From the UDN01 
AVA |a UDN50  |b LSP  |d 664.062 PH-N  |e available  |t Error 5001 Not defined in file expand_doc_bib_avail.  |f 1  |g 0  |h N  |i 0  |k 1 
TYP |a Monograph 
TYP |a Printed language 
980 |a Mạng thư viện Đại học Đà Nẵng